000
00327nam a2200121 a 4500
005
20140414131916.0
008
101011s19uu xx 00 eng d
050
_a
ER
_b
B85 2003
245
_a
Bubbles is careless.
260
_b
Early Childhood Pub,
_a
Singapore :
_c
2003.
440
_a
Bubbles' First Storybooks
999
_c
111503
_d
111503